000 00402nam a2200169Ia 4500
001 22052
003 IN-NITTTR
005 20251114233249.0
008 251113s9999||||xx |||||||||||||| ||eng||
040 _beng
040 _cIN-NITTTR
041 _aeng
082 _a621.367 L1T R
100 _aLim, Jae S.
245 0 _aTwo-dimensional signal and image processing. /
_cLim, Jae S.
942 _2ddc
_cBK
999 _c24681
_d24681